LEADER 01224nam a2200301 a 4500 001 000000137791 003 CaOOAMICUS 005 20140314133527.0 008 140314s2013 it u000 u ita r 020 $a978-88-01-04709-7 040 $aPUL$bita 082 04$a227 100 1 $aPitta, Antonio,$d1959-$0(OLS)http://pul/name/8770 245 12$aL'evangelo di Paolo :$bintroduzione alle lettere autoriali /$cAntonio Pitta. 260 $aTorino :$bElledici,$c©2013. 300 $a365 p. ;$c22 cm 490 1 $aGraphé ;$v07 504 $aBibliografia nelle note. 630 04$aBiblia.$pN.T.$pPauli epistolae$xCritica e interpretazione.$0(OLS)http://pul/subject/36488 830 0$aGraphé ;$v07.$0(OLS)http://pul/title/174483 850 $aPUL 852 $aPUL$W1$xSL Religione 3$y85$m220 COLL 9.7$j190032$qDDC 21$B158357$CPULBib$Z2$F158357 $H123703 $82 941 1 $a9 996 $6020$a978-88-01-04709-7$9(OLS)http://pul/number/154852 996 $6082$a227$9(OLS)http://pul/classification/522 996 $6245$aL'evangelo di Paolo :$bintroduzione alle lettere autoriali$9(OLS)http://pul/title/174482 996 $6260$aTorino :$bElledici$9(OLS)http://pul/publisher/67321 LEADER 01445nam a2200325 a 4500 001 000000173608 003 CaOOAMICUS 005 20200630113318.0 008 200630s2018 it u000 u ita r 020 $a978-88-7578-741-7* 032 $aLibriCat 040 $aPUL$bita 041 1 $aita$heng 082 04$a323.44 100 1 $aMartinez, Raoul.$0(OLS)http://pul/name/111477 240 10$aCreating freedom: power, control and the fight for our future.$bItaliano.$0(OLS)http://pul/title/214788 245 10$aCreare la libertà : $bpotere, controllo e la lotta per il nostro futuro / $cRaoul Martinez ; traduzione di Daria Restani. 260 $aTorino :$bCodice edizioni,$c©2018. 300 $aXI, 499 p. ;$c22 cm 504 $aBibliografia in nota. 650 4$aLibertà$xAspetti sociali.$0(OLS)http://pul/subject/19525 700 1 $aRestani, Daria.$0(OLS)http://pul/name/109932 850 $aPUL 852 $aPUL$W1$xSL Diritto e Scienze Sociali 3$y79$m323. 44 MARRA 1$j197605$qDDC 21$B202392$CPULBib$Z2$F202392 $H134301 $82 941 1 $a9 996 $6020$a978-88-7578-741-7*$9(OLS)http://pul/number/167603 996 $6082$a323.44$9(OLS)http://pul/classification/675 996 $6245$aCreare la libertà : $bpotere, controllo e la lotta per il nostro futuro / $9(OLS)http://pul/title/214789 996 $6260$aTorino :$bCodice edizioni$9(OLS)http://pul/publisher/81165